Missing Word: Samuel L. Jackson (A-Z) Quiz Stats

Quiz Updated Nov 29, 2016

Challenge
Share
Tweet
Embed
Score 0/24 Timer 03:00
0 Plays Today
Movie Word % Correct
Captain _______: the First AvengerAmerica
93.8%
____ FictionPulp
93.1%
Kiss of _____Death
90.5%
______ on a PlaneSnakes
90.5%
A Time to ____Kill
90.2%
Die Hard ____ a VengeanceWith
89.8%
__ Good DeedNo
88.9%
____ Man 2Iron
87.3%
Django ________Unchained
86.6%
________ ParkJurassic
84.8%
Star Wars Ep. III: _______ of the SithRevenge
84.6%
____ RomanceTrue
73.8%
Movie Word % Correct
Jackie _____Brown
72.1%
The Long Kiss _________Goodnight
68.6%
Jungle _____Fever
68.6%
____ CaesarHail
67.3%
The _____ GuysOther
67.1%
________ LanesChanging
59.5%
______ II SocietyMenace
54.5%
___: State of the UnionxXx
51.1%
_______ IsaiahLosing
39.1%
^Quantum _____: A Cassini Space OdysseyQuest
21.7%
The Red ______Violin
16.7%
Hard _____Eight
16.2%

Today's Daily Dose

Word Ladder
'90s Movies

Quick Pick
'Fire' Movies

On This Day
June 19th II

You're not logged in!

Compare scores with friends on all Sporcle quizzes.
Join for Free
OR
Log In

You Might Also Like...

Show Comments

Extras

Top Quizzes Today


Score Distribution

Your Account Isn't Verified!

In order to create a playlist on Sporcle, you need to verify the email address you used during registration. Go to your Sporcle Settings to finish the process.

Report this User

Report this user for behavior that violates our Community Guidelines.

Details: